Make 1000 - Statistics

General Stats
  • This quiz has been taken 25 times
  • The average score is 15 of 20
Answer Stats
Hint Answer % Correct
971 29
100%
923 77
100%
866 134
86%
814 186
86%
763 237
86%
722 278
86%
655 345
86%
609 391
86%
567 433
86%
480 520
86%
553 447
82%
418 582
77%
343 657
73%
322 678
64%
277 723
64%
77 923
64%
49 951
64%
269 731
55%
179 821
55%
123 877
55%
No matching quizzes found
Score Distribution
Percent of People with Each Score
Percentile by Number Answered
Your Score History
You have not taken this quiz